000 00304nam a22001337a 4500
020 _aNA
082 _222
_a621.31042
100 _aKothari, D. P. and Nagrath, I. J.
245 _aElectric machines /
250 _a3rd ed.
260 _bTata McGraw-Hill,
_cc2004.
300 _a0
_bill. ;
942 _2ddc
_cEE
999 _c4071
_d4071